و نطق الحجاب / (رقم التسجيلة. 132343)

تفاصيل مارك
000 -الفاتح
عناصر البيانات ثابتة الطول 00629cam a2200193 i 4500
005 - تاريخ ووقت آخر معاملة
حقل ضبط 20251214100507.0
008 - عناصر البيانات ثابتة الطول
عناصر البيانات ثابتة الطول 250721s2008 xx gr 000 0 ara d
020 ## - الترقيم الدولي المعياري للكتب (ردمك)
الترقيم الدولي المعياري للكتب (ردمك) 9789774560668
082 14 - رقم تصنيف ديوي العشري
رقم التصنيف 216.534
رقم المادة ش ا د
100 1# - مدخل رئيسي – اسم شخصي
الاسم الشخصي أبو شادي، خالد
علاقة الشخص بالعمل/ دوره مؤلف.
245 10 - بيان العنوان
العنوان و نطق الحجاب /
بيان المسؤولية د/ خالد ابو شادي.
264 ## - بيانات النشر، التوزيع…إلخ
اسم الناشر، الموزع...إلخ الأندلس الجديدة،
تاريخ النشر، التوزيع...إلخ 2008.
مكان النشر، التوزيع...إلخ [غير معروف]،
300 ## - الوصف المادي
عدد الوحدات المكونة للوعاء 88 صفحه.
650 17 - مدخل إضافي بالموضوع - مصطلح موضوعي
مصطلح موضوعي أو اسم جغرافي كعنصر مدخل الفقه الإسلامي.
650 17 - مدخل إضافي بالموضوع - مصطلح موضوعي
مصطلح موضوعي أو اسم جغرافي كعنصر مدخل المرأة المسلمة.
650 17 - مدخل إضافي بالموضوع - مصطلح موضوعي
مصطلح موضوعي أو اسم جغرافي كعنصر مدخل غطاء الرأس.
942 ## - بيانات إضافية (كوها)
نوع التنصيف Dewey Decimal Classification
نوع المادة (كوها) كتب
المقتنيات
حالة السحب حالة الفقدان مصدر التصنيف حالة التلف غير قابل للإعارة المكتبة الرئيسية المكتبة الحالية موقع الرف تاريخ التزويد الرقم المتسلسل Total Checkouts رقم الإستدعاء الباركود تاريخ آخر ظهور تاريخ الفاتورة نوع المادة (كوها) العملة
    Dewey Decimal Classification     المكتبة المركزية المكتبة المركزية الإعارة 28/07/2025 1613375   216.534/شاد PLD00352175 28/07/2025 28/07/2025 كتب  
    Dewey Decimal Classification     المكتبة المركزية المكتبة المركزية الإعارة 14/12/2025 1613375   216.534 / ش ا د PLD1613375 14/12/2025 14/12/2025 كتب JOD
Implemented & Customized by: BBB with SCIT (Smart Chains for Information Technology)

Powered by Koha